000 00484 a2200181 4500
003 OSt
005 20231204145632.0
008 231204b |||||||| |||| 00| 0 eng d
020 _a9789352533374
040 _coclc
082 _a330.15
_bLOK/H
100 _aLokanathan, V
_9839
245 _aA History of economic thought /
_cV Lokanathan
250 _a10e
260 _bS Chand
_c2022.
300 _a382p
942 _2ddc
_cBK
_h330.15
_iLOK/H
_k330.15
_mLOK/H
999 _c43851
_d43851